| 000 | 00491nam a2200205Ia 4500 | ||
|---|---|---|---|
| 005 | 20240823022548.0 | ||
| 008 | 240823s9999||||xx |||||||||||||| ||und|| | ||
| 020 | _a978 81 8371 109 8 | ||
| 041 | _aENGLISH | ||
| 082 | _A621.4022 P8 | ||
| 100 | _aKamaraj G | ||
| 245 | 0 | _aHeat and Mass Transfer | |
| 250 | _a1st | ||
| 260 |
_c2008 _bScitech Ch _aChennai |
||
| 500 | _aTRANSFERED | ||
| 650 |
_aHeat Transfer _bMechanical |
||
| 700 | _a Raveendiran P | ||
| 942 | _cBK | ||
| 999 |
_c179464 _d179464 |
||